000 00685nam a22002297a 4500
003 UA-OsUOA
001 78501
007 ta
008 20111013b un ||||| |||| 00| 0 ukr d
100 _aВересаев В. В.
090 _a821.161
_bВ31
942 _cBK
040 _aUA-OsUOA
_brus
_cUA-OsUOA
_dUA-OsUOA
245 _aСобрание сочинений в четырех томах
_bТ. 4
_cНевыдуманные рассказы о прошлом
300 _a495 с.
955 _a3
041 _arus
080 _a821.161
260 _aМ.
_bПравда
_c1985
650 7 _a82 Література. Літературознавство
_2UDC
999 _c364816
_d364816